[Event "15. Sueder Sommerpokal 2005"]
[Site "Recklinghausen GER"]
[Date "2005.08.05"]
[Round "5.7"]
[White "Band, Rüdiger"]
[Black "Kiseleva, Natalia"]
[Result "0-1"]
[WhiteElo "2020"]
[BlackElo "2300"]
[PlyCount "64"]
[EventDate "2005.08.01"]
[EventType "swiss"]
[EventRounds "9"]
[EventCountry "GER"]
[Source "lmi"]
[SourceDate "2005.08.06"]

1. e4 g6 2. d4 Bg7 3. Nc3 d6 4. f4 a6 5. Nf3 b5 6. Bd3 Nd7 7. e5 e6 8. O-O Ne7
9. Bd2 O-O 10. Ne4 Bb7 11. Be1 Nf5 12. Bf2 Qb8 13. g4 Ne7 14. Bh4 Nd5 15. Qd2
f6 16. Bg3 dxe5 17. fxe5 f5 18. gxf5 gxf5 19. Neg5 Qe8 20. Kf2 c5 21. c3 h6 22.
Nh3 f4 23. Nxf4 Nxf4 24. Bxf4 Qh5 25. Be2 Rf5 26. Ke1 Raf8 27. Ng1 Qh4+ 28. Bg3
Qe4 29. Rxf5 Rxf5 30. Qd3 Qg2 31. Kd2 Be4 32. Qe3 Nb6 0-1

[Event "15. Sueder Sommerpokal 2005"]
[Site "Recklinghausen GER"]
[Date "2005.08.05"]
[Round "5.8"]
[White "Kummerow, Heiko"]
[Black "Oberste, Norbert"]
[Result "1-0"]
[WhiteElo "2296"]
[BlackElo "1996"]
[PlyCount "117"]
[EventDate "2005.08.01"]
[EventType "swiss"]
[EventRounds "9"]
[EventCountry "GER"]
[Source "lmi"]
[SourceDate "2005.08.06"]

1. e4 e6 2. d4 d5 3. Nc3 Bb4 4. e5 c5 5. a3 Bxc3+ 6. bxc3 Nc6 7. Qg4 Kf8 8. a4
h6 9. Nf3 f5 10. Qh3 cxd4 11. cxd4 Qa5+ 12. Bd2 Qc7 13. Bd3 Bd7 14. O-O Nge7
15. Be3 Kf7 16. Nd2 Rag8 17. Qh5+ g6 18. Qe2 g5 19. f4 g4 20. Rfc1 Qb6 21. Rab1
Qc7 22. c4 Bc8 23. Rb5 a6 24. Rb2 Qd7 25. c5 Na5 26. Qe1 h5 27. Rb6 Nec6 28.
Rc3 Nd8 29. Rd6 Qe7 30. Qb1 Nac6 31. Rb3 h4 32. Rb6 h3 33. g3 Rh5 34. Nb3 Rg7
35. Bd2 Kg8 36. Bb5 Qc7 37. Bxc6 Nxc6 38. Ba5 Qe7 39. Qd3 Qe8 40. Bc3 Rc7 41.
Ba5 Re7 42. Rbxc6 bxc6 43. Rd8 Rhh7 44. Rxe8+ Rxe8 45. Bb6 Bb7 46. Qc3 Rd7 47.
Qa5 Rc8 48. Ba7 Ra8 49. Bb6 Rc8 50. Kf2 Kf7 51. Ke3 Ke7 52. Kd3 Ra8 53. Bc7 Rc8
54. Bd6+ Ke8 55. Qb6 Ba8 56. Na5 Kf7 57. Qxa6 Rcd8 58. Nxc6 Bb7 59. Nxd8+ 1-0

[Event "15. Sueder Sommerpokal 2005"]
[Site "Recklinghausen GER"]
[Date "2005.08.05"]
[Round "5.9"]
[White "Kortenbusch, Christoph"]
[Black "Goldschmidt, Christian"]
[Result "0-1"]
[WhiteElo "2070"]
[BlackElo "2200"]
[PlyCount "72"]
[EventDate "2005.08.01"]
[EventType "swiss"]
[EventRounds "9"]
[EventCountry "GER"]
[Source "lmi"]
[SourceDate "2005.08.06"]

1. e4 d6 2. d4 Nf6 3. Nc3 g6 4. Be3 c6 5. f3 b5 6. Qd2 Nbd7 7. g4 h5 8. g5 Nh7
9. h4 Bg7 10. Bd3 Nb6 11. Nge2 Nc4 12. Bxc4 bxc4 13. d5 c5 14. O-O Qd7 15. Ng3
f6 16. f4 fxg5 17. hxg5 Rb8 18. Rab1 Qh3 19. Nh1 O-O 20. Rf2 Nxg5 21. fxg5 Rxf2
22. Nxf2 Qg3+ 23. Kf1 h4 24. Ne2 Bh3+ 25. Ke1 Qg2 26. Nxh3 Qxh3 27. c3 Rf8 28.
Bf2 Qh1+ 29. Bg1 Qg2 30. Qc2 Be5 31. Be3 h3 32. Kd2 h2 33. Qd1 Qxe4 34. Qc2
Qxd5+ 35. Bd4 Kg7 36. Nf4 Rxf4 0-1

[Event "15. Sueder Sommerpokal 2005"]
[Site "Recklinghausen GER"]
[Date "2005.08.05"]
[Round "5.10"]
[White "Leveikina, Jevgenija"]
[Black "Ciornei, Dragos"]
[Result "0-1"]
[WhiteElo "2013"]
[BlackElo "2198"]
[PlyCount "64"]
[EventDate "2005.08.01"]
[EventType "swiss"]
[EventRounds "9"]
[EventCountry "GER"]
[Source "lmi"]
[SourceDate "2005.08.06"]

1. c4 Nf6 2. Nc3 g6 3. g3 Bg7 4. Bg2 O-O 5. Nf3 d6 6. O-O e5 7. d3 Nc6 8. Rb1
a5 9. a3 Re8 10. b4 axb4 11. axb4 e4 12. dxe4 Nxe4 13. Nxe4 Rxe4 14. b5 Nd4 15.
Nxd4 Rxd4 16. Qc2 Be6 17. Bxb7 Rxc4 18. Qd2 Rb8 19. Bf3 Rc5 20. Qa5 Bc4 21. Be3
Rcxb5 22. Rxb5 Rxb5 23. Qa4 d5 24. Rd1 Qb8 25. Ba7 Qc8 26. Bxd5 Rxd5 27. Rb1
Qa6 28. Qe8+ Bf8 29. Rb8 Rd1+ 30. Kg2 Qd6 31. Be3 Bxe2 32. Bh6 Qd5+ 0-1

[Event "15. Sueder Sommerpokal 2005"]
[Site "Recklinghausen GER"]
[Date "2005.08.05"]
[Round "5.11"]
[White "Savchenko, Aleksij"]
[Black "Woller, Rainer"]
[Result "1-0"]
[WhiteElo "2013"]
[BlackElo "2196"]
[PlyCount "75"]
[EventDate "2005.08.01"]
[EventType "swiss"]
[EventRounds "9"]
[EventCountry "GER"]
[Source "lmi"]
[SourceDate "2005.08.06"]

1. d4 d5 2. Nf3 c6 3. e3 Nf6 4. Be2 e6 5. O-O Nbd7 6. b3 Bd6 7. Bb2 Ne4 8. Ne5
Nxe5 9. dxe5 Be7 10. f3 Nc5 11. c4 a5 12. f4 O-O 13. Nd2 Bd7 14. Nf3 Qb6 15.
Nd4 a4 16. Qc2 axb3 17. axb3 f6 18. Rxa8 Rxa8 19. Bc3 Ne4 20. Bd3 f5 21. cxd5
cxd5 22. Bxe4 dxe4 23. b4 Bb5 24. Ra1 Rc8 25. Ra5 Bd7 26. Qb3 Kf7 27. Bd2 g6
28. h3 h5 29. Kf2 Kg7 30. Ra1 g5 31. g3 g4 32. h4 Kg6 33. b5 Bc5 34. Ba5 Qa7
35. b6 Qa6 36. Nxe6 Qd3 37. Nxc5 Rxc5 38. Qg8+ 1-0

[Event "15. Sueder Sommerpokal 2005"]
[Site "Recklinghausen GER"]
[Date "2005.08.05"]
[Round "5.12"]
[White "Hahn, Matthias"]
[Black "Litwak, Aleksej"]
[Result "1/2-1/2"]
[WhiteElo "1994"]
[BlackElo "2168"]
[PlyCount "21"]
[EventDate "2005.08.01"]
[EventType "swiss"]
[EventRounds "9"]
[EventCountry "GER"]
[Source "lmi"]
[SourceDate "2005.08.06"]

1. d4 Nf6 2. c4 e6 3. Nc3 Bb4 4. Qc2 c5 5. dxc5 O-O 6. a3 Bxc5 7. Nf3 Qb6 8. e3
Be7 9. Be2 d6 10. O-O Nbd7 11. Rd1 1/2-1/2

[Event "15. Sueder Sommerpokal 2005"]
[Site "Recklinghausen GER"]
[Date "2005.08.05"]
[Round "5.13"]
[White "Rath, Oliver"]
[Black "Zarges, Stephan"]
[Result "0-1"]
[WhiteElo "1889"]
[BlackElo "2138"]
[PlyCount "34"]
[EventDate "2005.08.01"]
[EventType "swiss"]
[EventRounds "9"]
[EventCountry "GER"]
[Source "lmi"]
[SourceDate "2005.08.06"]

1. d4 Nf6 2. c4 e6 3. Nf3 b6 4. Nc3 Bb4 5. Bd2 Bb7 6. e3 O-O 7. Bd3 c5 8. dxc5
Bxc5 9. Qc2 Nc6 10. a3 d5 11. cxd5 exd5 12. O-O d4 13. exd4 Nxd4 14. Nxd4 Qxd4
15. Bf5 Qh4 16. g3 Qh5 17. Qd3 Rad8 0-1

[Event "15. Sueder Sommerpokal 2005"]
[Site "Recklinghausen GER"]
[Date "2005.08.05"]
[Round "5.15"]
[White "Podzielny, Karl-Heinz"]
[Black "Souleidis, Georgios"]
[Result "1-0"]
[WhiteElo "2452"]
[BlackElo "2410"]
[PlyCount "143"]
[EventDate "2005.08.01"]
[EventType "swiss"]
[EventRounds "9"]
[EventCountry "GER"]
[Source "lmi"]
[SourceDate "2005.08.06"]

1. Nf3 Nf6 2. g3 g6 3. Bg2 Bg7 4. O-O O-O 5. Nc3 c5 6. a3 Nc6 7. Rb1 d5 8. d3
e5 9. Bg5 h6 10. Bxf6 Bxf6 11. Nd2 Be6 12. e4 d4 13. Nd5 Bg7 14. c4 dxc3 15.
bxc3 b6 16. Qa4 Ne7 17. c4 Bd7 18. Qd1 Nc6 19. Kh1 Be6 20. f4 exf4 21. gxf4 f5
22. Qf3 Nd4 23. Qg3 Kh7 24. Rf2 Qd7 25. Rg1 Rg8 26. e5 Rac8 27. Nf3 Nxf3 28.
Bxf3 Bh8 29. h4 Rb8 30. a4 Qf7 31. Rfg2 Qd7 32. Qh3 Rbd8 33. Rg3 Rdf8 34. Qg2
Qd8 35. Rh3 Qd7 36. Nc3 Qf7 37. Bd5 Rd8 38. Bxe6 Qxe6 39. Nd5 Rd7 40. Rg3 Rdd8
41. Qf3 Rd7 42. h5 g5 43. fxg5 hxg5 44. Rxg5 Rxg5 45. Rxg5 Qxe5 46. Qxf5+ Qxf5
47. Rxf5 Rg7 48. Nf4 Rg4 49. Kh2 Kh6 50. Kh3 Rg1 51. Rd5 Bf6 52. Ne2 Re1 53.
Ng3 Be5 54. Ne4 Bd4 55. Nd6 Rh1+ 56. Kg4 Rg1+ 57. Kf3 Bc3 58. Ne4 Bd4 59. Ng3
Bb2 60. Rd6+ Kh7 61. Rd7+ Kh6 62. Rxa7 Be5 63. Ne2 Ra1 64. Ke4 Bh2 65. Nc3 Bg1
66. Nd5 Re1+ 67. Kf5 Rf1+ 68. Kg4 Bd4 69. Nxb6 Rd1 70. Nd7 Rxd3 71. Nf8 Bg7 72.
Ra6+ 1-0

[Event "15. Sueder Sommerpokal 2005"]
[Site "Recklinghausen GER"]
[Date "2005.08.05"]
[Round "5.16"]
[White "Dunst, Wilhelm"]
[Black "Weißkopf, Lutz"]
[Result "1-0"]
[WhiteElo "1805"]
[BlackElo "2122"]
[PlyCount "93"]
[EventDate "2005.08.01"]
[EventType "swiss"]
[EventRounds "9"]
[EventCountry "GER"]
[Source "lmi"]
[SourceDate "2005.08.06"]

1. d4 Nf6 2. c4 g6 3. Nc3 Bg7 4. Nf3 O-O 5. g3 d6 6. Bg2 c6 7. O-O Nbd7 8. Qc2
e5 9. dxe5 dxe5 10. Rd1 Re8 11. h3 Qe7 12. e4 h6 13. b3 b6 14. Be3 Kh7 15. Rd2
Bf8 16. Rad1 Qa3 17. Ne1 Nc5 18. f4 Nh5 19. Kh2 Ne6 20. fxe5 Bg7 21. Nd3 g5 22.
b4 Bf8 23. Rf2 Kg8 24. Rdf1 Nd8 25. Bc1 Qa6 26. b5 Qb7 27. g4 Ng7 28. Rf6 Re6
29. Qf2 Ne8 30. bxc6 Rxc6 31. Rxc6 Qxc6 32. Nd5 Qxc4 33. Qf3 Be6 34. Nf6+ Nxf6
35. exf6 Qxa2 36. h4 Qa5 37. e5 Rc8 38. hxg5 Rc4 39. Qa8 b5 40. gxh6 Rxg4 41.
Be3 Bc4 42. Rd1 Ne6 43. Nc5 Qa3 44. Nxe6 Bxe6 45. Bf2 Kh7 46. Rd8 Bxh6 47. Be4+
1-0

[Event "15. Sueder Sommerpokal 2005"]
[Site "Recklinghausen GER"]
[Date "2005.08.05"]
[Round "5.17"]
[White "Kreslawski, Raimond"]
[Black "Berthy, Andreas"]
[Result "1-0"]
[WhiteElo "2245"]
[BlackElo "1582"]
[PlyCount "55"]
[EventDate "2005.08.01"]
[EventType "swiss"]
[EventRounds "9"]
[EventCountry "GER"]
[Source "lmi"]
[SourceDate "2005.08.06"]

1. e4 e6 2. d4 c5 3. d5 d6 4. Nc3 e5 5. f4 Nd7 6. Nf3 a6 7. a4 Be7 8. Be2 Bf6
9. O-O Ne7 10. f5 Nf8 11. g4 h6 12. h4 g5 13. hxg5 hxg5 14. Kg2 Nh7 15. Rh1 Kd7
16. a5 Ng8 17. Be3 Bg7 18. Qd2 f6 19. Na4 Ke8 20. Nb6 Rb8 21. Rh5 Nh6 22. Rah1
Nf8 23. Nxg5 Nd7 24. Ne6 Qe7 25. Bxh6 Bxh6 26. Rxh6 Rxh6 27. Qxh6 Nxb6 28. Qh8+
1-0

[Event "15. Sueder Sommerpokal 2005"]
[Site "Recklinghausen GER"]
[Date "2005.08.05"]
[Round "5.18"]
[White "Kartsev, Soel"]
[Black "Bastians, Felix"]
[Result "1-0"]
[WhiteElo "2269"]
[BlackElo "1865"]
[PlyCount "41"]
[EventDate "2005.08.01"]
[EventType "swiss"]
[EventRounds "9"]
[EventCountry "GER"]
[Source "lmi"]
[SourceDate "2005.08.06"]

1. e4 d6 2. d4 Nf6 3. Nc3 g6 4. f3 c6 5. Be3 b5 6. Qd2 Nbd7 7. h4 h5 8. Nh3 a6
9. O-O-O Qa5 10. Kb1 e5 11. Ng5 Be7 12. f4 exd4 13. Bxd4 O-O 14. Nd5 Qd8 15.
Nxe7+ Qxe7 16. Bxf6 Qxf6 17. Qxd6 Re8 18. Be2 Ra7 19. Bf3 c5 20. e5 Qxf4 21. e6
1-0

[Event "15. Sueder Sommerpokal 2005"]
[Site "Recklinghausen GER"]
[Date "2005.08.05"]
[Round "5.19"]
[White "Werner, Michael"]
[Black "Sharma, Danesh"]
[Result "0-1"]
[WhiteElo "2144"]
[BlackElo "1746"]
[PlyCount "92"]
[EventDate "2005.08.01"]
[EventType "swiss"]
[EventRounds "9"]
[EventCountry "GER"]
[Source "lmi"]
[SourceDate "2005.08.06"]

1. d4 f5 2. e4 fxe4 3. Nc3 Nf6 4. Bg5 Nc6 5. d5 Ne5 6. Qd4 d6 7. Nxe4 c6 8. c4
cxd5 9. cxd5 Qa5+ 10. Nc3 Bd7 11. Bd2 Qd8 12. f4 Nf7 13. Nf3 g6 14. Bb5 Bg7 15.
Bxd7+ Qxd7 16. Ng5 Nxg5 17. fxg5 Qg4 18. Qd3 Nd7 19. O-O Qd4+ 20. Qxd4 Bxd4+
21. Kh1 Bxc3 22. Bxc3 Rf8 23. Bg7 Rf7 24. Bd4 Rxf1+ 25. Rxf1 Rc8 26. h3 Rc4 27.
Rd1 a6 28. Kh2 Nc5 29. Bxc5 Rxc5 30. Rd3 Rc2 31. Rb3 b5 32. Ra3 Rxb2 33. Rxa6
Rd2 34. Ra5 Rxd5 35. a4 Rxg5 36. axb5 Kd7 37. Ra7+ Ke6 38. Rb7 d5 39. Rb6+ Kd7
40. Rb7+ Kd8 41. Rb8+ Kc7 42. Rh8 h5 43. Rg8 d4 44. Rg7 Kd7 45. b6 d3 46. b7
Rb5 0-1

[Event "15. Sueder Sommerpokal 2005"]
[Site "Recklinghausen GER"]
[Date "2005.08.05"]
[Round "5.20"]
[White "Rebber, Christian"]
[Black "Langers, Alexander"]
[Result "1/2-1/2"]
[WhiteElo "2108"]
[BlackElo "1734"]
[PlyCount "50"]
[EventDate "2005.08.01"]
[EventType "swiss"]
[EventRounds "9"]
[EventCountry "GER"]
[Source "lmi"]
[SourceDate "2005.08.06"]

1. e4 c5 2. Nf3 e6 3. c4 Nc6 4. Nc3 Qc7 5. d4 cxd4 6. Nxd4 a6 7. Be2 Nf6 8. O-O
Bb4 9. Nxc6 bxc6 10. Qd4 e5 11. Qd3 Bxc3 12. bxc3 O-O 13. Bg5 d6 14. Bxf6 gxf6
15. Rad1 Rd8 16. Qg3+ Kh8 17. Qh4 Qe7 18. f4 Ra7 19. f5 Rb7 20. Rd3 Rg8 21. Rh3
Rg7 22. Rff3 Rb1+ 23. Bf1 a5 24. Kf2 Ba6 25. Be2 Qa7+ 1/2-1/2

[Event "15. Sueder Sommerpokal 2005"]
[Site "Recklinghausen GER"]
[Date "2005.08.05"]
[Round "5.21"]
[White "Reichelt, Manfred"]
[Black "Kartsev, Alexandr"]
[Result "1-0"]
[WhiteElo "2092"]
[BlackElo "1647"]
[PlyCount "69"]
[EventDate "2005.08.01"]
[EventType "swiss"]
[EventRounds "9"]
[EventCountry "GER"]
[Source "lmi"]
[SourceDate "2005.08.06"]

1. e4 d5 2. exd5 Nf6 3. d4 Nxd5 4. c4 Nb6 5. Nf3 Bg4 6. Be2 Nc6 7. d5 Bxf3 8.
Bxf3 Ne5 9. Be2 Qd7 10. Qb3 O-O-O 11. Nc3 e6 12. O-O exd5 13. cxd5 f5 14. Bg5
Be7 15. Bxe7 Qxe7 16. a4 h5 17. Rac1 a6 18. Rfd1 Rd6 19. a5 Nbd7 20. Na4 Ng4
21. Qc2 Nde5 22. f3 Nf6 23. f4 Nf7 24. Qxf5+ Kb8 25. Bf3 Qe3+ 26. Kh1 Nh6 27.
Qe5 Re8 28. Qxe3 Rxe3 29. Nc5 Nf5 30. Rc3 Rxc3 31. bxc3 Ne3 32. Rb1 b6 33.
Nxa6+ Ka7 34. Nxc7 bxa5 35. Nb5+ 1-0

[Event "15. Sueder Sommerpokal 2005"]
[Site "Recklinghausen GER"]
[Date "2005.08.05"]
[Round "5.22"]
[White "Rütten, Ingmar"]
[Black "Senay, Baris"]
[Result "1-0"]
[WhiteElo "2037"]
[BlackElo "1659"]
[PlyCount "61"]
[EventDate "2005.08.01"]
[EventType "swiss"]
[EventRounds "9"]
[EventCountry "GER"]
[Source "lmi"]
[SourceDate "2005.08.06"]

1. d4 Nf6 2. c4 e6 3. Nc3 Bb4 4. e3 b6 5. Nf3 Bb7 6. Qc2 Ne4 7. Bd3 f5 8. O-O
O-O 9. Nxe4 fxe4 10. Bxe4 Bxe4 11. Qxe4 Nc6 12. d5 Ne7 13. dxe6 dxe6 14. Ng5
Ng6 15. Qxe6+ Kh8 16. Nf7+ Rxf7 17. Qxf7 Qg5 18. Qd5 Qxd5 19. cxd5 Rd8 20. e4
Bd6 21. Bd2 Ne5 22. Bc3 Nd7 23. Rfe1 Nc5 24. Rad1 Na4 25. e5 Bc5 26. d6 cxd6
27. exd6 Kg8 28. d7 Kf7 29. Be5 Kg6 30. b3 Rf8 31. Re2 1-0

[Event "15. Sueder Sommerpokal 2005"]
[Site "Recklinghausen GER"]
[Date "2005.08.05"]
[Round "5.23"]
[White "Reinholz, Benjamin"]
[Black "Distelrath, Oliver"]
[Result "0-1"]
[WhiteElo "1712"]
[BlackElo "2029"]
[PlyCount "57"]
[EventDate "2005.08.01"]
[EventType "swiss"]
[EventRounds "9"]
[EventCountry "GER"]
[Source "lmi"]
[SourceDate "2005.08.06"]

1. d4 Nf6 2. c4 c5 3. Nf3 cxd4 4. Nxd4 e5 5. Nf3 e4 6. Nd4 Nc6 7. e3 Bc5 8. Nc3
O-O 9. Be2 Bxd4 10. exd4 d5 11. Bg5 h6 12. Bh4 g5 13. Bg3 dxc4 14. d5 Nb4 15.
Bxc4 Bg4 16. Qd2 Rc8 17. b3 Nd3+ 18. Kf1 Nc5 19. h4 Nh5 20. Be5 Re8 21. Bd4 Nf4
22. hxg5 Qxg5 23. Be3 Be2+ 24. Bxe2 Qxg2+ 25. Ke1 Qxh1+ 26. Bf1 Ncd3+ 27. Kd1
Qxf1+ 28. Kc2 Qxa1 29. Bxf4 0-1

[Event "15. Sueder Sommerpokal 2005"]
[Site "Recklinghausen GER"]
[Date "2005.08.05"]
[Round "5.24"]
[White "Barskij, Aleksandr"]
[Black "Bensch, Arnold Heinrich"]
[Result "1-0"]
[WhiteElo "1996"]
[BlackElo "1632"]
[PlyCount "77"]
[EventDate "2005.08.01"]
[EventType "swiss"]
[EventRounds "9"]
[EventCountry "GER"]
[Source "lmi"]
[SourceDate "2005.08.06"]

1. e4 d6 2. d4 e6 3. Nc3 Nd7 4. f4 b6 5. Nf3 Ne7 6. Bd3 g6 7. O-O Bb7 8. Qe2
Bg7 9. Kh1 h6 10. f5 exf5 11. exf5 O-O 12. Qf2 Bxf3 13. Qxf3 Nxf5 14. Bxf5 gxf5
15. Qxf5 Qf6 16. Qxf6 Bxf6 17. Bxh6 Bxd4 18. Bxf8 Bxc3 19. bxc3 Kxf8 20. Rae1
Ne5 21. g3 Kg7 22. Rf4 b5 23. Rb1 a6 24. Kg2 c6 25. Re1 f6 26. g4 Ra7 27. Kg3
Rf7 28. Rf5 Kg6 29. h4 Rc7 30. Ref1 Nd7 31. Rd1 d5 32. Re1 Nc5 33. Kf4 Rf7 34.
Re8 Kg7 35. Rh5 Rc7 36. Reh8 Ne6+ 37. Kf5 Nf8 38. Rxf8 Kxf8 39. Kxf6 1-0

[Event "15. Sueder Sommerpokal 2005"]
[Site "Recklinghausen GER"]
[Date "2005.08.05"]
[Round "5.25"]
[White "Simon, Roland"]
[Black "Stahl, Matthias"]
[Result "0-1"]
[WhiteElo "1877"]
[BlackElo "1595"]
[PlyCount "75"]
[EventDate "2005.08.01"]
[EventType "swiss"]
[EventRounds "9"]
[EventCountry "GER"]
[Source "lmi"]
[SourceDate "2005.08.06"]

1. d4 d5 2. e3 Nf6 3. Bd3 e6 4. Nf3 c5 5. c3 Nc6 6. Nbd2 Bd6 7. O-O O-O 8. dxc5
Bxc5 9. Qe2 e5 10. e4 d4 11. Nb3 Bb6 12. cxd4 Nxd4 13. Nfxd4 Bxd4 14. Nxd4 Qxd4
15. Be3 Qb4 16. Rac1 b6 17. a3 Qe7 18. Bg5 Bb7 19. Ba6 Bxa6 20. Qxa6 h6 21.
Bxf6 gxf6 22. Rc3 Rfd8 23. Rg3+ Kh7 24. Qe2 Rg8 25. Rd3 Rac8 26. Rfd1 Rc7 27.
Qf3 Rg6 28. h3 Kg7 29. Rd6 f5 30. Rxg6+ fxg6 31. exf5 Qf6 32. g4 gxf5 33. gxf5
Rf7 34. Rd5 Qxf5 35. Qxf5 Rxf5 36. Rd7+ Rf7 37. Rd5 Rf5 38. Rd7+ 0-1

[Event "15. Sueder Sommerpokal 2005"]
[Site "Recklinghausen GER"]
[Date "2005.08.05"]
[Round "5.26"]
[White "Wrona, Manfred"]
[Black "Trzaska, Peter"]
[Result "0-1"]
[WhiteElo "1609"]
[BlackElo "2198"]
[PlyCount "52"]
[EventDate "2005.08.01"]
[EventType "swiss"]
[EventRounds "9"]
[EventCountry "GER"]
[Source "lmi"]
[SourceDate "2005.08.06"]

1. e4 e6 2. Nf3 c5 3. d4 cxd4 4. Nxd4 Nf6 5. Bd3 Nc6 6. Nxc6 bxc6 7. Nc3 d5 8.
exd5 cxd5 9. O-O Be7 10. Ne2 O-O 11. c3 Qb6 12. h3 Ba6 13. Be3 Qb7 14. Rb1 Rfc8
15. Re1 Bc4 16. Nc1 a5 17. Bd4 Qa6 18. Re3 Bc5 19. Bxf6 Bxe3 20. Bxh7+ Kxh7 21.
fxe3 gxf6 22. Qh5+ Kg7 23. Qg4+ Kf8 24. Qd4 Qa7 25. Qxf6 Qxe3+ 26. Kh2 Qe4 0-1

[Event "15. Sueder Sommerpokal 2005"]
[Site "Recklinghausen GER"]
[Date "2005.08.05"]
[Round "5.27"]
[White "Jungbluth, Rolf"]
[Black "Kappler, Thomas"]
[Result "1/2-1/2"]
[WhiteElo "2183"]
[BlackElo "1688"]
[PlyCount "113"]
[EventDate "2005.08.01"]
[EventType "swiss"]
[EventRounds "9"]
[EventCountry "GER"]
[Source "lmi"]
[SourceDate "2005.08.06"]

1. c4 c5 2. Nc3 e6 3. e4 Nc6 4. f4 d6 5. Nf3 e5 6. d3 Bg4 7. Be2 Be7 8. O-O Nf6
9. Rb1 Bxf3 10. Bxf3 Nd4 11. Be3 Nxf3+ 12. Qxf3 O-O 13. Kh1 Qd7 14. f5 Ne8 15.
g4 f6 16. Rg1 h6 17. Qf2 Nc7 18. Rg3 Kf7 19. Qd2 Rh8 20. h4 Rag8 21. Rbg1 Ke8
22. Qd1 Bd8 23. Qb3 Qc6 24. Qa3 a6 25. b4 b6 26. h5 Kf7 27. Rb1 Be7 28. bxc5
bxc5 29. Nd5 Nxd5 30. exd5 Qa8 31. Rg2 Rb8 32. Rgb2 Rhc8 33. Kg2 Rxb2+ 34. Qxb2
Bd8 35. Bd2 Rc7 36. Qb8 Qxb8 37. Rxb8 Ke7 38. Ba5 Rd7 39. Bc3 Ra7 40. Kf3 Bc7
41. Rg8 Kf7 42. Rc8 Ke7 43. Ke2 a5 44. Kd2 a4 45. Kc2 Kf7 46. Bd2 Ba5 47. Bc1
Be1 48. Rh8 Ra6 49. Rb8 Bh4 50. Rb7+ Kf8 51. Be3 Bg5 52. Bxg5 hxg5 53. Rc7 Ra8
54. Kb2 Ra6 55. Ka3 Ra8 56. Rb7 Ra5 57. Rb8+ 1/2-1/2

[Event "15. Sueder Sommerpokal 2005"]
[Site "Recklinghausen GER"]
[Date "2005.08.05"]
[Round "5.28"]
[White "Bosau, Jens"]
[Black "Denig, Friedrich"]
[Result "0-1"]
[WhiteElo "1657"]
[BlackElo "2077"]
[PlyCount "54"]
[EventDate "2005.08.01"]
[EventType "swiss"]
[EventRounds "9"]
[EventCountry "GER"]
[Source "lmi"]
[SourceDate "2005.08.06"]

1. d4 d5 2. c4 c6 3. Nc3 Nf6 4. Nf3 e6 5. Bg5 Be7 6. e3 Ne4 7. Bxe7 Qxe7 8.
Nxe4 dxe4 9. Nd2 f5 10. Be2 O-O 11. O-O c5 12. d5 Rd8 13. Qc2 Kh8 14. Rfd1 Na6
15. Nb3 b6 16. Rd2 Bb7 17. Rad1 exd5 18. cxd5 Rd6 19. Bb5 Rad8 20. a3 Nc7 21.
Bc6 Ba6 22. a4 Bd3 23. Rxd3 exd3 24. Qxd3 Nxd5 25. Qxf5 Nxe3 26. Rxd6 Nxf5 27.
Rxd8+ Qxd8 0-1

[Event "15. Sueder Sommerpokal 2005"]
[Site "Recklinghausen GER"]
[Date "2005.08.05"]
[Round "5.29"]
[White "Bischof, Rainer"]
[Black "Riesenbeck, Marten"]
[Result "1-0"]
[WhiteElo "2020"]
[BlackElo "1647"]
[PlyCount "51"]
[EventDate "2005.08.01"]
[EventType "swiss"]
[EventRounds "9"]
[EventCountry "GER"]
[Source "lmi"]
[SourceDate "2005.08.06"]

1. d4 Nf6 2. Nf3 e6 3. e3 b6 4. Bd3 d5 5. Nbd2 c5 6. c3 Bb7 7. Ne5 Nbd7 8. f4
Ne4 9. Nxe4 dxe4 10. Bb5 Bc8 11. Bc6 Rb8 12. Qg4 cxd4 13. exd4 g6 14. f5 exf5
15. Qg3 Bd6 16. Bf4 Qc7 17. d5 Ke7 18. Qh4+ Nf6 19. O-O-O Rd8 20. Nd3 exd3 21.
Rhe1+ Be6 22. Bg5 Be5 23. dxe6 fxe6 24. Bxf6+ Bxf6 25. Qxh7+ Kd6 26. Rxe6+ 1-0

[Event "15. Sueder Sommerpokal 2005"]
[Site "Recklinghausen GER"]
[Date "2005.08.05"]
[Round "5.30"]
[White "Bashylin, Seva"]
[Black "Wachovius, Hans-Werner"]
[Result "0-1"]
[WhiteElo "1362"]
[BlackElo "2027"]
[PlyCount "68"]
[EventDate "2005.08.01"]
[EventType "swiss"]
[EventRounds "9"]
[EventCountry "GER"]
[Source "lmi"]
[SourceDate "2005.08.06"]

1. e4 e6 2. d4 d5 3. e5 c5 4. Qg4 f5 5. Qg3 cxd4 6. Nf3 Nc6 7. Bd3 Bd7 8. a3
Qc7 9. O-O Nge7 10. b4 a6 11. Bb2 Qb6 12. Nbd2 Ng6 13. h4 O-O-O 14. h5 f4 15.
Qg4 Ngxe5 16. Nxe5 Nxe5 17. Qxf4 Nc6 18. Nf3 Be7 19. Bxd4 Nxd4 20. Nxd4 Bf6 21.
c3 e5 22. Qg3 exd4 23. cxd4 Be6 24. Rac1+ Kd7 25. Qf4 Qd6 26. Qf3 Rhf8 27. Bf5
Bxf5 28. Qxf5+ Ke8 29. Rfe1+ Kf7 30. Rc7+ Kg8 31. Rxb7 Bxd4 32. Qg4 Bxf2+ 33.
Kh1 Qf6 34. Ree7 Qa1+ 0-1

[Event "15. Sueder Sommerpokal 2005"]
[Site "Recklinghausen GER"]
[Date "2005.08.05"]
[Round "5.31"]
[White "Mundorf, Johannes"]
[Black "Nebel, Rudi"]
[Result "0-1"]
[WhiteElo "1253"]
[BlackElo "1598"]
[PlyCount "86"]
[EventDate "2005.08.01"]
[EventType "swiss"]
[EventRounds "9"]
[EventCountry "GER"]
[Source "lmi"]
[SourceDate "2005.08.06"]

1. e4 e5 2. Nf3 Nf6 3. Nc3 Bb4 4. Bc4 O-O 5. O-O d6 6. a3 Bxc3 7. dxc3 Nxe4 8.
Qd3 Nc5 9. Qe3 Nbd7 10. Re1 Nf6 11. Nxe5 Ne6 12. Nf3 b6 13. b3 Re8 14. Bb2 Bb7
15. Bd3 Nf8 16. Qg5 Ng6 17. Bxg6 hxg6 18. c4 Nh7 19. Rxe8+ Qxe8 20. Qg3 Qe4 21.
Rc1 Re8 22. h3 Qc6 23. Nd4 Qe4 24. Nf3 Qc6 25. Kf1 Qd7 26. Qf4 Re4 27. Qd2 Nf6
28. Ng5 Re7 29. Qf4 Qc6 30. f3 Nh5 31. Qh4 f6 32. Ne4 Qe8 33. Ng3 Nxg3+ 34.
Qxg3 g5 35. Qg4 Re2 36. Bc3 Qe3 37. Qd4 Qxc1+ 38. Kxe2 Qxc2+ 39. Kf1 Qxb3 40.
Qe3 Qxc4+ 41. Ke1 Qf7 42. a4 Bc8 43. a5 Qe6 0-1

[Event "15. Sueder Sommerpokal 2005"]
[Site "Recklinghausen GER"]
[Date "2005.08.05"]
[Round "5.32"]
[White "Lange, Hans-Werner"]
[Black "Kuhn, Oliver"]
[Result "1-0"]
[WhiteElo "1589"]
[BlackElo "1466"]
[PlyCount "103"]
[EventDate "2005.08.01"]
[EventType "swiss"]
[EventRounds "9"]
[EventCountry "GER"]
[Source "lmi"]
[SourceDate "2005.08.06"]

1. d4 d5 2. Bf4 e6 3. e3 Bd6 4. Bxd6 Qxd6 5. c3 Ne7 6. Bd3 c5 7. Nf3 c4 8. Bc2
O-O 9. Nbd2 Nd7 10. O-O f5 11. g4 Nf6 12. g5 Ne4 13. Bxe4 fxe4 14. Ne5 Nc6 15.
f4 Nxe5 16. fxe5 Rxf1+ 17. Nxf1 Qe7 18. Qg4 Bd7 19. Ng3 Rf8 20. Rf1 Rxf1+ 21.
Kxf1 b5 22. a3 a5 23. h4 b4 24. axb4 axb4 25. Nh5 bxc3 26. bxc3 Kh8 27. Nf4 Qa3
28. Ne2 Qa1+ 29. Kf2 Qa3 30. h5 Qe7 31. Qf4 Kg8 32. h6 Qf7 33. Qxf7+ Kxf7 34.
hxg7 Kxg7 35. Kg3 h6 36. Kh4 hxg5+ 37. Kxg5 Bc8 38. Nf4 Bd7 39. Nh5+ Kf7 40.
Kh6 Bc8 41. Nf6 Ba6 42. Kh7 Bb7 43. Ng4 Bc8 44. Nh6+ Kf8 45. Kg6 Bd7 46. Kf6
Bc8 47. Nf7 Bd7 48. Ng5 Ba4 49. Nxe6+ Ke8 50. Nc7+ Kd7 51. Nxd5 Kc6 52. Nb4+
1-0